000 02196nam a2200433Ia 4500
001 dia_3166
003 CHAP
005 20250826184317.0
007 ta
008 220117s2005 mx bdo fr 001 0 spa d
040 _cCHAP
_amxchpua
090 _aT.C.404
_bM45 SAI
_c2005
245 1 0 _aSistema agroindustrial leche y carne de bovinos en la región de los Altos de Jalisco /
_ccoordinador Amilcar Renan Mejenes Quijano ; colaboradores Juan de los Santos Rodríguez...[et al.]
260 _aMéxico :
_bEl autor,
_c2005
300 _a77 h.
_bmapas, gráficas, diagramas, tablas, fotos
336 _2rdacontent
_atexto
_btxt
337 _2rdamedia
_asin medio
_bn
338 _2rdacarrier
_avolumen
_bnc
500 _a6° año Grupo 1
502 _aViaje de Estudios
_b(SAI) --
_cUACh. Departamento de Ingeniería Agroindustrial,
_d2005
505 _tEmpresas visitadas: -- 1. Alimentos La Concordia, Leche al Día -- 2. Enfriadora El Mezquite -- 3. Forrajes El Nogal -- 4. FIRA en el municipio de lagos de moreno -- 5. Dulces y lácteos La Providencia -- 6. Consejo para el fomento de la calidad de leche y sus derivados, A. C. -- 7. Unión Ganadera de la región de Jalisco -- 8. Asociación Ganadera local de Arandas, Jalisco -- 9. Asociacíon Ganadera La Chona Encarnación de Díaz, Jalisco -- 9. Asociación Ganadera de Lagos de Moreno, Jalisco -- 10. Rastro municipal de Tepatitlán, Jalisco -- 11. UGASA (Unidad Ganadera de Aguascalientes, S. A.)
650 1 3 _aGanado bovino
_9138033
650 1 3 _aGanado de carne
_945067
650 1 3 _aIndustria láctea
_9143326
_zMéxico
_zJalisco
650 1 0 _aMataderos
_zMéxico
_zJalisco
_9154201
650 1 3 _aCattle
650 1 3 _aBeef cattle
_9138032
650 1 0 _aMilk industry
_zMexico
_zJalisco
_9154202
650 1 0 _aSlaughterhouses
_zMexico
_zJalisco
_9154203
700 1 _aMejenes Quijano, Amilcar Renán
_9147387
_ecoordinador
700 1 _aSantos Rodríguez, Juan de los
_9102527
_ecolaborador
901 _aT.C.404 M45 SAI 2005
902 _aM
905 _a5232272005 mx nmb 8223223322spa16
942 _2local
942 _cVE
999 _c173664
_d173664